Poor economics : (Record no. 76666)
[ view plain ]
| 000 -LEADER | |
|---|---|
| fixed length control field | 00973nam a22002537a 4500 |
| 005 - DATE AND TIME OF LATEST TRANSACTION | |
| control field | 20170501105249.0 |
| 010 ## - LCCN (DPL NO) | |
| LC control number | ENG-107607 |
| 020 ## - INTERNATIONAL STANDARD BOOK NUMBER | |
| International Standard Book Number | 9788184002805 |
| Terms of availability | 350.00 |
| 020 ## - INTERNATIONAL STANDARD BOOK NUMBER | |
| International Standard Book Number | 9788184002805 |
| Terms of availability | 499.00 (AV) |
| 035 ## - SYSTEM CONTROL NUMBER | |
| System control number | EN-91140 |
| 035 ## - SYSTEM CONTROL NUMBER | |
| System control number | B-667556 |
| 037 ## - SOURCE OF ACQUISITION | |
| Source of stock number/acquisition | DBAD/PUB |
| 037 ## - SOURCE OF ACQUISITION | |
| Source of stock number/acquisition | KBD |
| Stock number | dpl |
| 100 ## - MAIN ENTRY--PERSONAL NAME | |
| Personal name | Banerjee, Abhijit V. |
| 245 ## - TITLE STATEMENT | |
| Title | Poor economics : |
| Remainder of title | rethinking poverty and the ways to end it / |
| Statement of responsibility, etc | by Abhijit V. Banerjee [and] Ether Duflo |
| 260 ## - PUBLICATION, DISTRIBUTION, ETC. (IMPRINT) | |
| Name of publisher, distributor, etc | Random House India |
| Date of publication, distribution, etc | 2013 |
| 270 ## - ADDRESS | |
| Address | Windsor IT Park, 7th Floor, Tower-B, A-1 Sector-125, |
| City | Noida U.P |
| Postal code | 201301 |
| 300 ## - PHYSICAL DESCRIPTION | |
| Extent | xv,442p. |
| Dimensions | 22cm(pbk) |
| 500 ## - GENERAL NOTE | |
| General note | Includes Index |
| 700 ## - ADDED ENTRY--PERSONAL NAME | |
| Personal name | Duflo, Esther |
| 942 ## - ADDED ENTRY ELEMENTS (KOHA) | |
| Source of classification or shelving scheme | Dewey Decimal Classification |
| Item type | English Books |
| Call number suffix | BAN |
| Classification part | 339.46091724 |
| Withdrawn status | Lost status | Not for loan | Collection code | Home library | Current library | Date acquired | Source of acquisition | Cost, normal purchase price | Full call number | Barcode | Copy number | Cost, replacement price | Koha item type |
|---|---|---|---|---|---|---|---|---|---|---|---|---|---|
| Non-fiction | Ashok Vihar | Ashok Vihar | 01/05/2017 | BPPD/EN/2013-14/AV/16-17/355/15.2.2017/BL17/24.2.2017/ 17.3.2017 | 499.00 | 339.46091724 BAN | B-667556 | 1 | 499.00 | English Books | |||
| Non-fiction | Central Library | Central Library | 25/06/2014 | KBD/BL64/24.10.2013/07/10.10.2013/29.10.2013 | 350.00 | 339.46091724 BAN | B-528039 | 1 | 350.00 | English Books | |||
| Not For Loan | Non-fiction | D.B.Act.Division | D.B.Act.Division | 14/06/2013 | DBAD / PUB | 350.00 | BAN | EN-91140 | 1 | 350.00 | English Books | ||
| Non-fiction | Janak Puri | Janak Puri | 25/06/2014 | KBD/BL64/24.10.2013/07/10.10.2013/29.10.2013 | 350.00 | 339.46091724 BAN | B-528041 | 1 | 350.00 | English Books | |||
| Written-off vide DLB M. No. 383 dt 16.05.19 | Non-fiction | Patel Nagar | Patel Nagar | 25/06/2014 | KBD/BL64/24.10.2013/07/10.10.2013/29.10.2013 | 350.00 | 339.46091724 BAN | B-528040 | 1 | 350.00 | English Books |
